[Event "12. Lichtenberger Sommer"]
[Site "Berlin"]
[Date "2013.08.20"]
[Round "4.53"]
[White "Willich, Manfred"]
[Black "Guenther, Thomas"]
[Result "0-1"]
[WhiteElo "1981"]
[BlackElo "2088"]
[PlyCount "82"]
[EventDate "2013.??.??"]
[WhiteTeam "SK Turm Bad Hersfeld"]
[BlackTeam "SV Senat"]

1. d4 Nf6 2. c4 e6 3. Nc3 Bb4 4. e3 O-O 5. Nge2 d5 6. a3 Be7 7. Nf4 b6 8. Be2
Bb7 9. O-O Nbd7 10. cxd5 exd5 11. b4 a6 12. Bb2 Bd6 13. Nh3 Re8 14. Bd3 Nf8 15.
Kh1 Bc8 16. Ng1 c6 17. Qc2 Qe7 18. g3 Ne4 19. Na4 Qb7 20. Rac1 Bd7 21. Nc3 f5
22. Rce1 Be6 23. f3 Nxc3 24. Bxc3 Qf7 25. e4 f4 26. e5 Be7 27. Bd2 fxg3 28.
hxg3 Rec8 29. Be3 a5 30. Rb1 Qh5+ 31. Qh2 Qxh2+ 32. Kxh2 axb4 33. axb4 Ra3 34.
Rfd1 Rca8 35. Rb2 b5 36. Ne2 R8a4 37. f4 g6 38. Rc2 Bg4 39. Bc1 Rb3 40. Rxc6
Bxe2 41. Bxe2 Ra2 0-1

[Event "12. Lichtenberger Sommer"]
[Site "Berlin"]
[Date "2013.08.20"]
[Round "4.55"]
[White "Becker, Jared"]
[Black "Schmalzried, Volker"]
[Result "0-1"]
[WhiteElo "2038"]
[BlackElo "1882"]
[PlyCount "128"]
[EventDate "2013.??.??"]
[WhiteTeam "SC Tarrasch 45 München"]
[BlackTeam "Umweltbundesamt"]

1. e4 g6 2. c4 Bg7 3. Nc3 c5 4. Nge2 d6 5. d4 cxd4 6. Nxd4 Nc6 7. Be3 Nf6 8.
Be2 O-O 9. f3 Bd7 10. O-O a6 11. Qd2 Rb8 12. Rab1 Nxd4 13. Bxd4 b5 14. b4 Nh5
15. Be3 bxc4 16. f4 Nf6 17. f5 Bc6 18. Bf3 Nd7 19. Nd5 Ne5 20. f6 exf6 21. Bh6
Bxd5 22. exd5 f5 23. Bxg7 Kxg7 24. Qd4 Qb6 25. Rfd1 Qxd4+ 26. Rxd4 Nxf3+ 27.
gxf3 Rfc8 28. Kf2 c3 29. Ke2 c2 30. Rc1 Rc3 31. Rd3 Rxd3 32. Kxd3 Rxb4 33. Rxc2
Ra4 34. Kc3 Ra5 35. Kb4 Rxd5 36. Rc6 a5+ 37. Ka4 g5 38. Ra6 g4 39. fxg4 fxg4
40. Kb3 Kf6 41. Kc4 Ke6 42. Ra8 Rh5 43. a4 Rc5+ 44. Kd4 h5 45. Re8+ Kd7 46. Rf8
f5 47. Ke3 h4 48. h3 gxh3 49. Kf2 Ke6 50. Kg1 Rc4 51. Kh2 Rxa4 52. Kxh3 Rg4 53.
Re8+ Kd5 54. Rf8 Rf4 55. Ra8 a4 56. Ra5+ Ke6 57. Ra6 Ke5 58. Ra8 d5 59. Ra5 Rc4
60. Ra8 Kd4 61. Rf8 Kc3 62. Rxf5 d4 63. Kxh4 d3+ 64. Kg3 d2 0-1

[Event "12. Lichtenberger Sommer"]
[Site "Berlin"]
[Date "2013.08.20"]
[Round "4.56"]
[White "Peschke, Uwe"]
[Black "Werner, Justus"]
[Result "1/2-1/2"]
[WhiteElo "2046"]
[BlackElo "1737"]
[PlyCount "39"]
[EventDate "2013.??.??"]
[WhiteTeam "SC Empor Potsdam 1952 e.V."]
[BlackTeam "SG Blau-Weiß Stadtilm"]

1. Nf3 c5 2. g3 g6 3. Bg2 Bg7 4. c4 Nc6 5. Nc3 e6 6. O-O Nge7 7. d3 O-O 8. Bd2
d6 9. a3 Nf5 10. Rb1 Ncd4 11. b4 Rb8 12. Ne1 Qd7 13. e3 Nc6 14. b5 Nce7 15. f4
Nxe3 16. Bxe3 Bxc3 17. Nf3 Nf5 18. Bf2 Bg7 19. g4 Nd4 20. Nxd4 1/2-1/2

[Event "12. Lichtenberger Sommer"]
[Site "Berlin"]
[Date "2013.08.20"]
[Round "4.59"]
[White "Fiedler, Wolfgang"]
[Black "Cvetanovic, Damjan"]
[Result "0-1"]
[WhiteElo "2012"]
[BlackElo "1937"]
[PlyCount "90"]
[EventDate "2013.??.??"]
[WhiteTeam "SV Berolina Mitte e.V."]
[BlackTeam "Promocija Novi-Sad"]

1. e4 e6 2. d3 d5 3. Nd2 Nf6 4. Ngf3 g6 5. Be2 Bg7 6. O-O c5 7. Re1 O-O 8. c3
d4 9. Qc2 Nc6 10. Nf1 e5 11. cxd4 cxd4 12. b4 Nxb4 13. Qc5 Qb6 14. Qxb6 axb6
15. Rb1 Nxa2 16. Rxb6 Nd7 17. Rb2 Nxc1 18. Rxc1 Nb8 19. N3d2 Nc6 20. Nc4 Rd8
21. Nb6 Rb8 22. Nd2 Bh6 23. Rcb1 Bxd2 24. Rxd2 Be6 25. Rdb2 f5 26. f3 Na7 27.
Bd1 f4 28. Ba4 Rd6 29. Rb4 Kf7 30. Nc4 Bxc4 31. Rxc4 Kf6 32. h4 Re6 33. Rcb4
Nc6 34. Bxc6 Rxc6 35. Rxb7 Rxb7 36. Rxb7 Rc3 37. Rxh7 Rxd3 38. Ra7 Rc3 39. Ra6+
Kf7 40. Ra7+ Ke6 41. Ra6+ Kf7 42. Ra7+ Ke6 43. Ra6+ Kd7 44. Rxg6 Rc1+ 45. Kf2
d3 0-1

[Event "12. Lichtenberger Sommer"]
[Site "Berlin"]
[Date "2013.08.20"]
[Round "4.60"]
[White "Bertram, Johannes"]
[Black "Schröter, Maik"]
[Result "1-0"]
[WhiteElo "1971"]
[BlackElo "1856"]
[PlyCount "87"]
[EventDate "2013.??.??"]
[WhiteTeam "Europchess"]
[BlackTeam "SG Blau-Weiß Stadtilm"]

1. e4 Nc6 2. Nc3 e5 3. Bc4 Bc5 4. Qg4 g6 5. Qg3 d6 6. Nge2 Be6 7. Bxe6 fxe6 8.
d3 Nge7 9. Bh6 Qd7 10. O-O-O O-O-O 11. Rhf1 Nd4 12. Qh3 Nec6 13. Nxd4 Nxd4 14.
f4 Bb4 15. fxe5 Qc6 16. Be3 Bxc3 17. bxc3 Ne2+ 18. Kd2 Nxc3 19. Qxe6+ Kb8 20.
Qb3 Nxd1 21. Kxd1 dxe5 22. Ke2 Qd7 23. Rf7 Qg4+ 24. Kf2 Rhf8 25. Bxa7+ Kc8 26.
Be3 Qd7 27. Rxf8 Rxf8+ 28. Ke1 Qd6 29. Qc4 Qf6 30. Bc5 Qf1+ 31. Kd2 Re8 32. Bb6
c6 33. Qa4 Kd7 34. Qa7 Qxg2+ 35. Kc3 Re7 36. Qxb7+ Ke6 37. Qxc6+ Kf7 38. Qd5+
Re6 39. Bd8 Qh3 40. Bg5 Qg4 41. h4 Ke8 42. Qd8+ Kf7 43. Qd7+ Kg8 44. Bh6 1-0

[Event "12. Lichtenberger Sommer"]
[Site "Berlin"]
[Date "2013.08.20"]
[Round "4.62"]
[White "Bieg, Pascal"]
[Black "Bandsom, Olaf"]
[Result "1-0"]
[WhiteElo "1859"]
[BlackElo "1808"]
[PlyCount "49"]
[EventDate "2013.??.??"]
[WhiteTeam "SC Kreuzberg e.V."]
[BlackTeam "SC Friesen Lichtenberg e.V."]

1. d4 Nf6 2. c4 g6 3. Nc3 d5 4. Bf4 Bg7 5. e3 O-O 6. Rc1 c6 7. Nf3 Bg4 8. h3
Bxf3 9. Qxf3 Qa5 10. Bd3 Nbd7 11. O-O Rac8 12. Rfd1 Rfe8 13. Qe2 e5 14. dxe5
Nxe5 15. cxd5 Nxd5 16. Nxd5 Nxd3 17. Qxd3 cxd5 18. Rxc8 Rxc8 19. Qxd5 Qxd5 20.
Rxd5 Bxb2 21. Rb5 Rc1+ 22. Kh2 Rc2 23. Rxb7 Rxf2 24. Rb8+ Kg7 25. Rxb2 1-0

[Event "12. Lichtenberger Sommer"]
[Site "Berlin"]
[Date "2013.08.20"]
[Round "4.63"]
[White "Prix, Siegfried"]
[Black "Engesser, Jonas"]
[Result "0-1"]
[WhiteElo "1803"]
[BlackElo "1824"]
[PlyCount "92"]
[EventDate "2013.??.??"]
[WhiteTeam "Sfrd. Berlin 1903 e.V."]
[BlackTeam "SK Engen"]

1. e4 c5 2. c4 e6 3. Nf3 a6 4. d4 cxd4 5. Nxd4 Nf6 6. Nc3 Qc7 7. Be2 b6 8. O-O
Bb7 9. f3 d6 10. Be3 Nbd7 11. a3 Be7 12. b4 O-O 13. Rc1 Rac8 14. Qe1 Qb8 15.
Qg3 Rfe8 16. Rfd1 Bf8 17. Bg5 g6 18. Nb3 Nh5 19. Qh3 Bg7 20. Be3 Ba8 21. g4
Nhf6 22. Qg3 Ne5 23. Na4 Nfd7 24. Qf2 b5 25. cxb5 axb5 26. Nb6 Nxb6 27. Bxb6
Nc4 28. Bxc4 bxc4 29. Ba7 Qb5 30. Na5 d5 31. Bc5 dxe4 32. Nxc4 Bf8 33. Bxf8
Rxc4 34. Qe2 Rxc1 35. Qxb5 Rxd1+ 36. Kf2 Rxf8 37. Qe2 Rfd8 38. Ke3 exf3 39. Qc2
R8d2 40. Qxd2 Rxd2 41. Kxd2 Kf8 42. b5 Ke8 43. a4 Kd8 44. a5 Kc7 45. Ke3 Kd6
46. a6 Kc5 0-1

[Event "12. Lichtenberger Sommer"]
[Site "Berlin"]
[Date "2013.08.20"]
[Round "4.64"]
[White "Alvarez, Luis"]
[Black "Reiche, Andreas"]
[Result "1/2-1/2"]
[WhiteElo "1902"]
[BlackElo "1940"]
[PlyCount "78"]
[EventDate "2013.??.??"]
[WhiteTeam "Schachclub Zug um Zug Everswinke"]
[BlackTeam "SV Berolina Mitte e.V."]

1. e4 d6 2. d4 c5 3. dxc5 Qa5+ 4. Nc3 Qxc5 5. Bd3 Nf6 6. h3 g6 7. Nf3 Bg7 8.
O-O Nc6 9. a3 Bd7 10. Be3 Qa5 11. Qd2 O-O 12. Bh6 Bxh6 13. Qxh6 Qh5 14. Qe3 Ne5
15. Nxe5 Qxe5 16. f4 Qa5 17. b4 Qc7 18. Ne2 Be6 19. f5 Bc4 20. fxg6 fxg6 21.
Nf4 b6 22. Rfe1 e5 23. Ne2 Ne8 24. Rf1 Ng7 25. Rxf8+ Rxf8 26. Rd1 Rd8 27. Nc3
Bxd3 28. Qxd3 a6 29. Nd5 Qb7 30. Qg3 Rf8 31. Qh4 Ne8 32. Ne7+ Kg7 33. Nd5 b5
34. Rf1 Qa7+ 35. Rf2 Rf7 36. Kf1 Qxf2+ 37. Qxf2 Rxf2+ 38. Kxf2 Nf6 39. Nc3 Kf7
1/2-1/2

[Event "12. Lichtenberger Sommer"]
[Site "Berlin"]
[Date "2013.08.20"]
[Round "4.65"]
[White "Amelang, Thomas"]
[Black "Schüler, Wolfgang"]
[Result "1-0"]
[WhiteElo "2136"]
[BlackElo "1880"]
[PlyCount "61"]
[EventDate "2013.??.??"]
[WhiteTeam "SK Siemens München"]
[BlackTeam "SC Friesen Lichtenberg e.V."]

1. e4 e5 2. Nf3 Nc6 3. Bb5 a6 4. Ba4 Nf6 5. d3 Be7 6. Bxc6 dxc6 7. Nxe5 O-O 8.
h3 Re8 9. Nc4 Be6 10. Ne3 Bc5 11. Nc3 Qe7 12. O-O Rad8 13. f4 g6 14. Qf3 Nh5
15. g4 Ng7 16. Bd2 f5 17. Rf2 Qh4 18. Rg2 Kf7 19. Be1 Qf6 20. Bf2 Rg8 21. Re1
Bb4 22. Ned1 Ba5 23. a3 Rd7 24. exf5 gxf5 25. g5 Qd8 26. Re5 Bd5 27. Nxd5 cxd5
28. Ne3 c6 29. Nxf5 Nxf5 30. Rxf5+ Kg7 31. Bd4+ 1-0

[Event "12. Lichtenberger Sommer"]
[Site "Berlin"]
[Date "2013.08.20"]
[Round "4.66"]
[White "Schönberger, Kay"]
[Black "Penner, Markus"]
[Result "0-1"]
[WhiteElo "1891"]
[BlackElo "2026"]
[PlyCount "44"]
[EventDate "2013.??.??"]
[WhiteTeam "SV Koblenz 03/25"]
[BlackTeam "SK Zehlendorf e.V."]

1. d4 Nf6 2. c4 g6 3. Nc3 Bg7 4. e4 d6 5. f3 O-O 6. Be3 c5 7. Nge2 Nc6 8. dxc5
dxc5 9. Qxd8 Rxd8 10. Bxc5 Nd7 11. Be3 Nde5 12. Nf4 b6 13. Rc1 Ba6 14. b3 e6
15. Be2 g5 16. Nxe6 fxe6 17. Bxg5 Rd7 18. Kf2 h6 19. Be3 Rad8 20. Nb5 Bxb5 21.
cxb5 Nb4 22. Rhd1 Ned3+ 0-1

[Event "12. Lichtenberger Sommer"]
[Site "Berlin"]
[Date "2013.08.20"]
[Round "4.67"]
[White "Napoli, Ferdinando"]
[Black "Zschäbitz, Klaus"]
[Result "1-0"]
[WhiteElo "1732"]
[BlackElo "2024"]
[PlyCount "112"]
[EventDate "2013.??.??"]
[WhiteTeam "C.S. Scacco Matto Como"]
[BlackTeam "BSG 1827 Eckbauer e.V."]

1. e4 e6 2. d4 d5 3. Nc3 Bb4 4. e5 c5 5. a3 Bxc3+ 6. bxc3 Ne7 7. f4 Nbc6 8. Nf3
Qa5 9. Bd2 b6 10. c4 Qa4 11. c3 Qxd1+ 12. Rxd1 cxd4 13. Nxd4 O-O 14. Nxc6 Nxc6
15. cxd5 exd5 16. Bb5 Na5 17. Be3 Bb7 18. Bd4 Bc6 19. Bd3 Ba4 20. Rd2 Bb3 21.
Kf2 Rac8 22. Re1 Nc6 23. Ke3 Rc7 24. g3 Rfc8 25. Bf5 Re8 26. Bd3 f6 27. Bb5
Nxd4 28. cxd4 Ree7 29. Kf2 Rc3 30. Re3 Rxe3 31. Kxe3 Kf7 32. Bd3 h6 33. Rb2 Ba4
34. Rb1 Rc7 35. Kd2 fxe5 36. fxe5 Bd7 37. Rc1 Rb7 38. Ba6 Rb8 39. Rc7 Ke6 40.
Bf1 Ke7 41. Bh3 Rd8 42. Rxa7 Ke8 43. Rxd7 Ra8 44. Rxd5 Rxa3 45. Bf5 Rf3 46.
Bg6+ Ke7 47. h4 Rxg3 48. h5 Rb3 49. Rd6 Rb4 50. Kc3 Rb5 51. Kc4 Rb2 52. d5 Re2
53. Kd4 Rd2+ 54. Bd3 Rh2 55. Rxb6 Rxh5 56. d6+ Ke6 1-0

[Event "12. Lichtenberger Sommer"]
[Site "Berlin"]
[Date "2013.08.20"]
[Round "4.68"]
[White "Hess, Max"]
[Black "Matitschka, Heinz"]
[Result "1-0"]
[WhiteElo "2013"]
[BlackElo "1774"]
[PlyCount "77"]
[EventDate "2013.??.??"]
[WhiteTeam "Post-SV Memmingen e.V."]
[BlackTeam "TSG Oberschöneweide e.V."]

1. e4 e6 2. d4 d5 3. Nc3 Bb4 4. Nge2 dxe4 5. a3 Be7 6. g4 Nc6 7. Bg2 h5 8. gxh5
Nh6 9. Bxe4 Nf5 10. d5 Ne5 11. Bf4 Bf6 12. dxe6 Bxe6 13. Bxb7 Rb8 14. Qxd8+
Rxd8 15. Ng3 Nd6 16. Bd5 Bg4 17. h3 Bf3 18. Bxe5 Bxh1 19. Bxf6 gxf6 20. Bxh1 f5
21. O-O-O f4 22. Nge4 Nxe4 23. Nxe4 Rxd1+ 24. Kxd1 f5 25. Nf6+ Kf7 26. Nd5 Rxh5
27. Nxc7 Rxh3 28. Bd5+ Kf6 29. Ke2 Ke5 30. Bf3 Rh8 31. Nd5 Rc8 32. Kd3 Rh8 33.
Nb4 Rh3 34. Ke2 Rh7 35. c3 Kd6 36. Nd3 Rh8 37. c4 Rc8 38. c5+ Kc7 39. b4 1-0

[Event "12. Lichtenberger Sommer"]
[Site "Berlin"]
[Date "2013.08.20"]
[Round "4.69"]
[White "Kay, Jonathan"]
[Black "Schlittermann, Wolfgang"]
[Result "1-0"]
[WhiteElo "1953"]
[BlackElo "1769"]
[PlyCount "131"]
[EventDate "2013.??.??"]
[WhiteTeam "Athenaeum Chess Club London"]
[BlackTeam "SV Osram e.V."]

1. d4 Nf6 2. Nf3 g6 3. Bf4 d6 4. Nbd2 Bg7 5. e3 a6 6. Bd3 O-O 7. O-O Nh5 8. Bg5
Nd7 9. Re1 c5 10. c3 b5 11. Qe2 Nhf6 12. Rac1 Bb7 13. h3 Re8 14. e4 h6 15. Bh4
Nh5 16. Bb1 Qb6 17. e5 g5 18. Nxg5 Nf4 19. Qg4 hxg5 20. Bxg5 Ne6 21. Bh6 dxe5
22. Bxg7 Nxg7 23. Qxd7 Ne6 24. dxc5 Qc6 25. Qxc6 Bxc6 26. Rxe5 Kg7 27. Be4 Rac8
28. Bxc6 Rxc6 29. b4 Kf6 30. Re3 Rd8 31. Rd1 Kg7 32. Ree1 Ra8 33. Nb3 Rc7 34.
Rd2 Rg8 35. Re4 Kf6 36. Nd4 Ng5 37. Rg4 Ra8 38. h4 Nh7 39. Rf4+ Kg7 40. Rg4+
Kf8 41. Nb3 Nf6 42. Rgd4 Rcc8 43. f3 e5 44. Rd6 Kg7 45. Rb6 e4 46. Rdd6 Ne8 47.
Rdc6 Rxc6 48. Rxc6 exf3 49. gxf3 Nf6 50. Rd6 Ne8 51. Rd2 Nc7 52. Kf2 Ne8 53.
Nd4 a5 54. Nxb5 axb4 55. cxb4 Rb8 56. a4 Ra8 57. c6 Rxa4 58. c7 Nxc7 59. Nxc7
Rxb4 60. Kg3 Rc4 61. Nd5 Kh6 62. Ne7 Rc7 63. Rd6+ Kh7 64. Nf5 Kg8 65. Kg4 Rc4+
66. Kg5 1-0

[Event "12. Lichtenberger Sommer"]
[Site "Berlin"]
[Date "2013.08.20"]
[Round "4.70"]
[White "Schmidt, Jürgen"]
[Black "Mueller, Johannes"]
[Result "1/2-1/2"]
[WhiteElo "2024"]
[BlackElo "1835"]
[PlyCount "76"]
[EventDate "2013.??.??"]
[WhiteTeam "SC Kreuzberg e.V."]
[BlackTeam "SC Friesen Lichtenberg e.V."]

1. e4 c6 2. d4 d5 3. exd5 cxd5 4. c4 Nf6 5. Nc3 g6 6. Bg5 Nbd7 7. cxd5 Bg7 8.
Qd2 h6 9. Bf4 Nb6 10. Bb5+ Bd7 11. d6 a6 12. Bxd7+ Qxd7 13. dxe7 Qxe7+ 14. Qe2
Qxe2+ 15. Ngxe2 O-O 16. O-O Nbd5 17. Be5 Rad8 18. Rfd1 Rfe8 19. Kf1 b5 20. Nxd5
Nxd5 21. Bxg7 Kxg7 22. Rac1 Re6 23. Nc3 Nb6 24. b3 Red6 25. Ne2 Nc8 26. Rc5 Ne7
27. Rc2 Nc6 28. Rcd2 f5 29. Ke1 Kf6 30. f3 g5 31. g3 Ne7 32. Kf2 Nd5 33. Rc1 f4
34. gxf4 gxf4 35. a3 Re8 36. Nc3 Nxc3 37. Rxc3 Red8 38. Rcd3 Rc8 1/2-1/2

[Event "12. Lichtenberger Sommer"]
[Site "Berlin"]
[Date "2013.08.20"]
[Round "4.71"]
[White "Batzaya, Ayush"]
[Black "Acikel, Mert"]
[Result "1-0"]
[WhiteElo "1952"]
[BlackElo "1741"]
[PlyCount "93"]
[EventDate "2013.??.??"]
[WhiteTeam "SV Berolina Mitte e.V."]
[BlackTeam "VfB Hermsdorf e.V."]

1. e4 e5 2. Nf3 Nc6 3. d4 exd4 4. Nxd4 Bc5 5. Nb3 Bb6 6. Nc3 Nge7 7. Bg5 d6 8.
Qd2 Be6 9. O-O-O Qd7 10. Nd5 Bxd5 11. exd5 Ne5 12. Re1 f6 13. Bh4 O-O-O 14. f4
N5g6 15. Bg3 Rhe8 16. Kb1 Kb8 17. Bd3 f5 18. c4 a6 19. Qc2 Rf8 20. Qc3 Rf7 21.
Nd4 Bxd4 22. Qxd4 c5 23. Qf2 Re8 24. h4 h5 25. Qf3 Rh8 26. Re2 Ng8 27. Be1 Nf6
28. Bc3 Ng4 29. g3 Rhf8 30. Rhe1 Ka7 31. Re6 Ne7 32. Qe2 Ng8 33. Qc2 Ne7 34.
Qb3 Nf2 35. Bc2 Ng4 36. R1e2 Ng8 37. Ba5 b5 38. cxb5 axb5 39. a4 b4 40. Bd3 Rf6
41. Bb5 Qb7 42. Bc6 Qa6 43. Bc7 Rxe6 44. Rxe6 N8f6 45. Bxd6 Rf7 46. Bxc5+ Kb8
47. Qxb4+ 1-0

[Event "12. Lichtenberger Sommer"]
[Site "Berlin"]
[Date "2013.08.20"]
[Round "4.73"]
[White "Rauhut, Frank"]
[Black "Engelhardt, Erhard"]
[Result "1/2-1/2"]
[WhiteElo "1993"]
[BlackElo "1841"]
[PlyCount "73"]
[EventDate "2013.??.??"]
[WhiteTeam "SV Jenapharm Jena"]
[BlackTeam "SSV Rotation Berlin e.V."]

1. d4 e6 2. c4 d5 3. Nf3 f5 4. Nc3 Nf6 5. Bf4 Be7 6. e3 O-O 7. Rc1 c6 8. Be2
Nh5 9. Bxb8 Rxb8 10. Ne5 Nf6 11. O-O Nd7 12. Nxd7 Bxd7 13. f4 Kh8 14. Bd3 Rg8
15. Kh1 Bd6 16. c5 Bc7 17. Qc2 Qh4 18. Rf3 Qe7 19. Ne2 Rbf8 20. Rg1 g5 21. g3
g4 22. Rf2 Kg7 23. Kg2 h5 24. Kf1 Rh8 25. Nc1 Rb8 26. b4 a6 27. Ke1 Ra8 28. Nb3
Kf7 29. Qd2 Rag8 30. Kd1 h4 31. Bf1 h3 32. a4 Rb8 33. Bd3 Rhe8 34. Qc3 Ra8 35.
Rb2 Reb8 36. Ke2 b5 37. a5 1/2-1/2

[Event "12. Lichtenberger Sommer"]
[Site "Berlin"]
[Date "2013.08.20"]
[Round "4.74"]
[White "Schönemann, Manfred"]
[Black "Guzzetti, Luigi Enrico"]
[Result "0-1"]
[WhiteElo "1783"]
[BlackElo "1873"]
[PlyCount "76"]
[EventDate "2013.??.??"]
[WhiteTeam "SV Turbine Berlin e.V."]
[BlackTeam "C.S. Scacco Matto Como"]

1. d4 Nf6 2. c4 g6 3. Nc3 Bg7 4. e4 d6 5. f4 c5 6. d5 O-O 7. Nf3 e6 8. Bd3 exd5
9. cxd5 Re8 10. O-O a6 11. a4 Nbd7 12. Be3 Qb6 13. a5 Qc7 14. h3 b5 15. axb6
Nxb6 16. Qd2 Bd7 17. g4 c4 18. Bc2 h6 19. Qf2 Nc8 20. Bd4 Ne7 21. g5 hxg5 22.
fxg5 Nh5 23. Bxg7 Kxg7 24. Nh2 Rf8 25. Ng4 Ng8 26. Nf6 Ngxf6 27. gxf6+ Kg8 28.
Qg2 Qb6+ 29. Kh1 Qxb2 30. Na4 Bxa4 31. Rxa4 Qe5 32. Rf3 c3 33. Rf5 Ng3+ 34. Kg1
Nxf5 35. exf5 Qxf6 36. fxg6 fxg6 37. Rg4 Ra7 38. Rxg6+ Rg7 0-1

[Event "12. Lichtenberger Sommer"]
[Site "Berlin"]
[Date "2013.08.20"]
[Round "4.75"]
[White "Weiß, Daniel"]
[Black "Baranowsky, Peter"]
[Result "0-1"]
[WhiteElo "1758"]
[BlackElo "1967"]
[PlyCount "112"]
[EventDate "2013.??.??"]
[WhiteTeam "Sfr.Nord-Ost Berlin"]
[BlackTeam "Sfrd. Berlin 1903 e.V."]

1. Nf3 c5 2. e4 e6 3. d3 Qc7 4. g3 Nc6 5. Bg2 Nf6 6. O-O Be7 7. Nbd2 O-O 8. Re1
d6 9. Nf1 b6 10. e5 dxe5 11. Nxe5 Bb7 12. Bf4 Bd6 13. Ng4 Nxg4 14. Qxg4 Bxf4
15. gxf4 Nd4 16. Rac1 f5 17. Qg3 Rf6 18. Qe3 Raf8 19. c3 Rg6 20. Ng3 Nc6 21. d4
Ne7 22. dxc5 Bxg2 23. cxb6 Qb7 24. c4 h5 25. f3 Bh3 26. Kf2 h4 27. Rg1 hxg3+
28. Rxg3 Rh6 29. Qe5 Ng6 30. Qxe6+ Qf7 31. Qd6 axb6 32. b4 Qf6 33. Rd1 Ne7 34.
Qxf6 Rfxf6 35. Rd7 Kf8 36. Rg1 Rd6 37. Rxd6 Rxd6 38. Kg3 Rg6+ 39. Kf2 Rxg1 40.
Kxg1 g5 41. fxg5 f4 42. Kf2 Kf7 43. Ke2 Ke6 44. Kd2 Kf5 45. a4 Kxg5 46. a5 bxa5
47. bxa5 Nc6 48. a6 Bf1 49. Kc3 Kh4 50. a7 Nxa7 51. Kd4 Bh3 52. Ke5 Kg5 53. Ke4
Nc6 54. c5 Ne7 55. Ke5 Ng6+ 56. Kd4 Nh4 0-1

[Event "12. Lichtenberger Sommer"]
[Site "Berlin"]
[Date "2013.08.20"]
[Round "4.76"]
[White "Dittrich, Hans-Georg"]
[Black "Räcke, Norbert"]
[Result "0-1"]
[WhiteElo "1751"]
[BlackElo "1846"]
[PlyCount "82"]
[EventDate "2013.??.??"]
[WhiteTeam "SG Blau-Weiß Stadtilm"]
[BlackTeam "Queer-Springer SSV Berlin"]

1. e4 e6 2. d4 d5 3. Nc3 Bb4 4. exd5 exd5 5. Bd3 Nc6 6. a3 Bxc3+ 7. bxc3 Nge7
8. Qf3 O-O 9. Ne2 Be6 10. O-O Qd7 11. Ng3 Bg4 12. Qf4 Ng6 13. Qd2 Na5 14. f3
Be6 15. Qg5 Nc4 16. Nf5 Nd6 17. Ne3 c6 18. f4 f5 19. g4 Ne7 20. Kh1 h6 21. Qh5
fxg4 22. f5 Nexf5 23. Rg1 Nxe3 24. Bxe3 Rf3 25. Bxh6 Rh3 26. Qxh3 gxh3 27.
Rxg7+ Qxg7 28. Bxg7 Kxg7 29. Rg1+ Kf7 30. Bg6+ Kf6 31. Bd3 Rg8 32. Rf1+ Bf5 33.
a4 Ne4 34. c4 Ke6 35. cxd5+ cxd5 36. c4 Nf2+ 37. Rxf2 Bxd3 38. cxd5+ Kxd5 39.
Rf4 Be4+ 40. Rxe4 Kxe4 41. a5 Rc8 0-1

[Event "12. Lichtenberger Sommer"]
[Site "Berlin"]
[Date "2013.08.20"]
[Round "4.77"]
[White "Kujawa, Werner"]
[Black "Brüning, Wolfgang"]
[Result "0-1"]
[WhiteElo "1814"]
[BlackElo "1962"]
[PlyCount "58"]
[EventDate "2013.??.??"]
[WhiteTeam "SV Motor Wildau e.V."]
[BlackTeam "Queer-Springer SSV Berlin"]

1. e4 e6 2. d4 d5 3. e5 c5 4. c3 Qb6 5. Nf3 Nc6 6. Be2 Nh6 7. b3 cxd4 8. cxd4
Nf5 9. Bb2 Bb4+ 10. Kf1 Bd7 11. Nc3 Rc8 12. Na4 Qc7 13. a3 Be7 14. Rc1 O-O 15.
b4 Qd8 16. Nc5 Rc7 17. g3 f6 18. b5 Nxe5 19. Nxe6 Bxe6 20. dxe5 fxe5 21. Bxe5
Bd6 22. Rxc7 Qxc7 23. Bb2 Bc5 24. g4 Nd6 25. Nd4 Qf7 26. Qe1 Ne4 27. Nxe6 Qxe6
28. f3 Qxg4 29. Qd1 Qh3+ 0-1

[Event "12. Lichtenberger Sommer"]
[Site "Berlin"]
[Date "2013.08.20"]
[Round "4.78"]
[White "Möller, Dustin"]
[Black "Lübke, Thomas"]
[Result "1-0"]
[WhiteElo "1793"]
[BlackElo "1964"]
[PlyCount "65"]
[EventDate "2013.??.??"]
[WhiteTeam "Eckernförder SC von 1921"]
[BlackTeam "FVS ASP Hoyerswerda"]

1. Nf3 d5 2. d4 Nf6 3. c4 e6 4. g3 c5 5. Bg2 Nc6 6. cxd5 Nxd5 7. O-O cxd4 8.
Nxd4 Bd7 9. e4 Nf6 10. Nb5 e5 11. N1c3 Bc5 12. Nd6+ Bxd6 13. Qxd6 Qe7 14. Nb5
O-O 15. f4 Ne8 16. Qxe7 Nxe7 17. Nc3 exf4 18. Bxf4 Bc6 19. Nd5 Ng6 20. Bg5 f6
21. Be3 Bxd5 22. exd5 Nd6 23. Rac1 Rfe8 24. Bc5 Ne4 25. d6 Rad8 26. Bxa7 Rxd6
27. Rfe1 f5 28. g4 Ra8 29. gxf5 Nf4 30. Rxe4 Nxg2 31. Bf2 Rxa2 32. Rc7 Rd8 33.
Ree7 1-0

[Event "12. Lichtenberger Sommer"]
[Site "Berlin"]
[Date "2013.08.20"]
[Round "4.79"]
[White "Graf, Anton"]
[Black "Lohse, Steffen"]
[Result "1-0"]
[WhiteElo "1830"]
[BlackElo "1897"]
[PlyCount "85"]
[EventDate "2013.??.??"]
[WhiteTeam "OSG Baden-Baden"]
[BlackTeam "SV Osram"]

1. e4 d5 2. exd5 Qxd5 3. Nc3 Qd6 4. d4 a6 5. Nf3 Nf6 6. Be3 Bg4 7. Be2 e6 8.
Qd2 Nc6 9. O-O-O O-O-O 10. Ng5 Qd7 11. f3 Bh5 12. a3 Bg6 13. Bc4 Ne7 14. Qe2
Ned5 15. Bd2 Nxc3 16. Bxc3 Nd5 17. Be1 Qc6 18. g3 Be7 19. Ne4 Nf6 20. Nc3 Rhe8
21. Bf2 Bf8 22. Bd3 Bxa3 23. Nb5 axb5 24. Bxb5 Qxc2+ 25. Qxc2 Bxc2 26. Kxc2 c6
27. Bxc6 bxc6 28. bxa3 Kd7 29. Rb1 Rb8 30. g4 Rxb1 31. Rxb1 Kd6 32. Rb7 Ra8 33.
Kb3 Nd7 34. Bg3+ Ke7 35. Be1 Ke8 36. Bb4 Rb8 37. Rc7 Nb6 38. Re7+ Kd8 39. Rxf7
Nd5 40. Rxg7 e5 41. Rg8+ Kc7 42. Rxb8 Kxb8 43. dxe5 1-0

[Event "12. Lichtenberger Sommer"]
[Site "Berlin"]
[Date "2013.08.20"]
[Round "4.80"]
[White "Kasper, Peter"]
[Black "Revinelli, Sergio"]
[Result "1/2-1/2"]
[WhiteElo "1787"]
[BlackElo "1829"]
[PlyCount "120"]
[EventDate "2013.??.??"]
[WhiteTeam "SG Eckturm"]
[BlackTeam "C.S. Veduggio"]

1. b4 e5 2. Bb2 Bxb4 3. Bxe5 f6 4. Bb2 Ne7 5. e4 Ng6 6. a3 Ba5 7. Qh5 Nc6 8. f4
O-O 9. Bc4+ Kh8 10. Ne2 Qe8 11. O-O Nge7 12. Qh4 Ng6 13. Qh5 Nge7 14. Qh4 Ng6
15. Qg3 Qxe4 16. Bd3 Qe8 17. f5 Nge5 18. Nf4 Nxd3 19. cxd3 Bb6+ 20. Kh1 Bd4 21.
Bxd4 Nxd4 22. Ng6+ Kg8 23. Nxf8 Qxf8 24. Qxc7 d5 25. Nc3 Nxf5 26. Nxd5 Be6 27.
Rxf5 Bxf5 28. Ne7+ Kh8 29. Nxf5 b6 30. Re1 Rc8 31. Qxa7 g6 32. Ng3 Qd6 33. Qf7
Qe5 34. Rf1 f5 35. Qb3 b5 36. Qd1 Qd6 37. Qa1+ Kg8 38. d4 Ra8 39. Rf3 Ra4 40.
Ne2 b4 41. Qd1 Rxa3 42. Rxa3 bxa3 43. Qb3+ Kg7 44. Nc1 Qf4 45. Qe3 Qf1+ 46. Qg1
Qc4 47. h3 a2 48. Nxa2 Qxa2 49. Qe3 Kf7 50. Qh6 Kg8 51. Qf4 Kf7 52. Qc7+ Kf6
53. Qe5+ Kf7 54. d5 Qxd2 55. Qe6+ Kf8 56. Qe5 Qa5 57. Qh8+ Kf7 58. Qxh7+ Kf6
59. Qd7 Qe1+ 60. Kh2 Qe5+ 1/2-1/2

[Event "12. Lichtenberger Sommer"]
[Site "Berlin"]
[Date "2013.08.20"]
[Round "4.81"]
[White "Deutschbein, Christopher"]
[Black "Casny, Guenter"]
[Result "0-1"]
[WhiteElo "2003"]
[BlackElo "1835"]
[PlyCount "107"]
[EventDate "2013.??.??"]
[WhiteTeam "Bille SC von 1924 e.V."]
[BlackTeam "SC Rochade e.V."]

1. e4 d6 2. d4 g6 3. Bc4 Bg7 4. Nf3 Nf6 5. Nc3 O-O 6. h3 a6 7. Be3 b5 8. Bd3
Bb7 9. Nd2 Nbd7 10. O-O c5 11. d5 Ne5 12. Be2 b4 13. Ncb1 Rc8 14. f4 Ned7 15.
c3 e6 16. cxb4 exd5 17. bxc5 Nxe4 18. Nxe4 dxe4 19. Nc3 Nxc5 20. f5 Be5 21.
fxg6 hxg6 22. Bg4 Rb8 23. Qd2 Nd3 24. Bg5 Qb6+ 25. Kh1 Qxb2 26. Qxb2 Nxb2 27.
Bf6 Bxf6 28. Rxf6 d5 29. Ne2 Bc8 30. Bxc8 Rfxc8 31. Raf1 Rb7 32. Rxa6 Nc4 33.
Nd4 Nd2 34. Rf2 e3 35. Re2 Rc4 36. Nc6 d4 37. g4 Rc7 38. Ne5 Rc1+ 39. Kg2 R1c2
40. Ra5 Re7 41. Nd3 Rc4 42. Ra8+ Kg7 43. Rd8 Re4 44. Rd7 Rc3 45. Nb4 Ra3 46.
Rd8 g5 47. Rd6 Nb1 48. Nd5 Nc3 49. Nxc3 Rxc3 50. Kf3 Rf4+ 51. Kg3 Rc1 52. Kg2
Ra1 53. Rb2 Rd1 54. Re2 0-1